000 00743nam a2200181Ia 4500
008 100921s9999 xx 000 0 und d
082 _b39008
_a920.02 न 00
100 _aपिंगे रवींद्र.
245 _aजिवलग सारे.
260 _bज्ञानदा प्रकाशन,पुणे.
_c2000
300 _a147
_bजीवनग्रंथ वितरण,औरंगाबाद
365 _b100
520 _aचरित्र- संग्रह,व्यिक्तचित्रे.
630 _aजिवलग सारे.
650 _aचरित्र- संग्रह,व्यिक्तचित्रे.
730 _aजिवलग सारे.
942 _cBOOK
999 _c788121
_d788118